000
00265nam a2200109Ia 4500
008
240625s9999 xx 000 0 und d
041
_a
eng
082
_a
658.7 SIM
100
_a
SIMCHI LEVI DAVID
245
_a
DESIGNING AND MANAGING THE SUPPLY CHAIN
260
_c
2008
999
_c
35044
_d
35044